Éléments de la théorie des espaces vectoriels topologiques et des distributions.

Guardado en:
Autor Principal: Martineau, André, 1930-1972.
Otros Autores: Treves, François, 1930-
Formato: Libro
Idioma:French
Publicado: Paris : Centre de Documentation Universitaire et S.E.D.E.S. réunis, 1959.
Etiquetas: Agregar Etiqueta
Sin Etiquetas, Sea el primero en etiquetar este registro!
LEADER 00895nam a22001935a 4500
001 MAT.inmabb000615
008 031118s1959####fr############001#0#fre#d
005 20190614153810.0
245 1 0 |a Éléments de la théorie des espaces vectoriels topologiques et des distributions. 
260 |a Paris :  |b Centre de Documentation Universitaire et S.E.D.E.S. réunis,  |c 1959. 
300 |a 2 v. ;  |c 27 cm. 
505 0 |a Fascicule I. Eléments de la théorie des distributions / par MM. Martineau et Treves -- Fascicule II. Eléments de la théorie des espaces topologiques / conférences de M. Treves. 
510 4 |a MR,  |c MR177291  |3 (fasc. I) 
510 4 |a MR,  |c MR177292  |3 (fasc. II) 
100 1 |a Martineau, André,  |d 1930-1972. 
700 1 |a Treves, François,  |d 1930- 
084 |a 46-XX  |2 MR 
859 |h 46  |i El38  |p A-414  |v 1  |3 Fascículo I  |b BIB. MATEMATICA 
859 |h 46  |i El38  |p A-415  |v 2  |3 Fascículo II  |b BIB. MATEMATICA